| 000 | 00365nam a2200133Ia 4500 | ||
|---|---|---|---|
| 008 | 230411s9999 xx 000 0 und d | ||
| 041 | _aeng | ||
| 082 | _aF/610.73/WOL/B03884 | ||
| 100 |
_aWolgin Francie _9177978 |
||
| 245 | _aBeing A Nursing Assistant | ||
| 260 |
_bAmerican Hospital Association _aNew Jersey _c2005 |
||
| 300 | _a751p | ||
| 999 |
_c154674 _d154674 |
||